Statistics for Access to Improved Sanitation Facilities: Worst 5 Countries Per Continent

Click here to take the quiz!

General Stats

  • This quiz has been taken 55 times
  • The average score is 19 of 31

Answer Stats

% Answer % Correct
27Bolivia
86%
71Peru
84%
79Brazil
82%
71Paraguay
80%
85Moldova
77%
78Guatemala
77%
17Haiti
77%
9Niger
75%
45Papua New Guinea
70%
77Honduras
70%
77Colombia
68%
34India
66%
52Nicaragua
64%
37Afghanistan
64%
75Marshall Islands
61%
57Vanuatu
61%
83Fiji
61%
44Bhutan
61%
90Montenegro
59%
85Tuvalu
59%
31Nepal
59%
70Russia
59%
92Serbia
59%
88Macedonia
57%
31Cambodia
57%
13Chad
57%
13Togo
36%
13Sierra Leone
34%
13Benin
34%
65St Lucia
18%
10Tanzania
14%

Score Distribution

Percentile by Number Answered

Percent of People with Each Score

Your Score History

You have not taken this quiz